|
|
|
|
| LEADER |
00672cam a2200181 7i4500 |
| 001 |
0000026306 |
| 005 |
20110524090000.0 |
| 020 |
0 |
0 |
|a 9789834442606
|
| 090 |
0 |
0 |
|a B 633.851
|b UTI
|
| 245 |
0 |
0 |
|a Utilisation of oil palm tree :
|b strategizing for commercial exploitation.
|
| 260 |
0 |
0 |
|a Serdang, Selangor:
|b Institute of Tropical Forestry and Forest Products (INTROP),
|c 2008.
|
| 300 |
# |
# |
|a 356 p.
|
| 650 |
0 |
0 |
|a Oil palm --
|x Congresses --
|z Malaysia
|
| 650 |
0 |
0 |
|a Palm oil industry --
|x Congresses --
|z Malaysia
|
| 650 |
0 |
0 |
|a Palm products --
|x Congresses --
|z Malaysia
|
| 651 |
0 |
0 |
|a Malaysia
|
| 700 |
1 |
1 |
|a Paridah Md. Tahir
|
| 999 |
|
|
|a 0000027721
|b Book
|c Book
|e Business Information Centre
|